Σχεδίαση, ανάπτυξη και αξιολόγηση εφαρμογής κινητού υπολογισμού για τη διαχείριση συμβάντων επείγουσας κατάστασης : πτυχιακή εργασία

Σκοπός της παρούσας διπλωματικής εργασίας είναι η σχεδίαση, ανάπτυξη και αξιολόγηση μιας Web και μιας Android εφαρμογής κινητού υπολογισμού για την διαχείριση συμβάντων επείγουσας ανάγκης. Στην εποχή μας, συμβαίνουν καθημερινά ατυχήματα, ληστείες, φωτιές στα δάση ή και σε σπίτια, ειδικότερα την περί...

Πλήρης περιγραφή

Αποθηκεύτηκε σε:
Λεπτομέρειες βιβλιογραφικής εγγραφής
Κύριος συγγραφέας: Νέντζος, Παναγιώτης
Συγγραφή απο Οργανισμό/Αρχή: Πανεπιστήμιο Αιγαίου. Σχολή Θετικών Επιστημών. Τμήμα Μηχανικών Πληροφοριακών και Επικοινωνιακών Συστημάτων
Άλλοι συγγραφείς: Γκουμόπουλος, Χρήστος (dgs [Επιβλέπων καθηγητής])
Μορφή: Thesis Βιβλίο
Γλώσσα:Greek
Δημοσίευση: 2017.
Θέματα:
Διαθέσιμο Online:http://hdl.handle.net/11610/17511
Ετικέτες: Προσθήκη ετικέτας
Δεν υπάρχουν, Καταχωρήστε ετικέτα πρώτοι!

MARC

LEADER 00000cam a2200000 a 4500
001 1/115137
008 171004s2017####gr | ||| |||| ||gre||
040 |a GR-MyUa  |b gre  |c GR-MyUa  |e AACR2 
041 0 |a gre 
082 7 |a 005.25   |2 (23)  
100 1 |a Νέντζος, Παναγιώτης. 
245 1 0 |a Σχεδίαση, ανάπτυξη και αξιολόγηση εφαρμογής κινητού υπολογισμού για τη διαχείριση συμβάντων επείγουσας κατάστασης :   |b πτυχιακή εργασία /   |c Παναγιώτης Νέντζος ; επιβλέπων καθηγητής Χρήστος Γκουμόπουλος.  
260 |c 2017.  
300 |a 111 σ. :   |b εικ., διάγρ. ;   |c 30 εκ.  
500 |a Μέλη της εξεταστικής επιτροπής: Βουγιούκας, Δημοσθένης, Γκουμόπουλος, Χρήστος, Σκιάνης, Χαράλαμπος. 
502 |a Πτυχιακή εργασία - Πανεπιστήμιο Αιγαίου, Σάμος, 2017.  
504 |a Βιβλιογραφία: σ. 101-102.  
506 1 |a Διάθεση πλήρους κειμένου ;   |d Ενδοπανεπιστημιακή δημοσίευση.  
520 8 |a Σκοπός της παρούσας διπλωματικής εργασίας είναι η σχεδίαση, ανάπτυξη και αξιολόγηση μιας Web και μιας Android εφαρμογής κινητού υπολογισμού για την διαχείριση συμβάντων επείγουσας ανάγκης. Στην εποχή μας, συμβαίνουν καθημερινά ατυχήματα, ληστείες, φωτιές στα δάση ή και σε σπίτια, ειδικότερα την περίοδο του καλοκαιριού, κοκ. Με την εφαρμογή που καλούμαστε να υλοποιήσουμε, θέλουμε οι χρήστες να είναι σε θέση, με χρήση του έξυπνου τηλεφώνου τους, να ειδοποιούν άμεσα τις αρμόδιες αρχές για κάποια επείγουσα κατάσταση. Μια τέτοια εφαρμογή πρέπει να είναι εύχρηστη, οπότε σχεδιάστηκε έτσι ώστε με το πάτημα ενός κουμπιού, ο χρήστης να στέλνει την αναφορά άμεσα, χωρίς να χρειάζεται να ασχοληθεί με λεπτομέρειες, όπως την τοποθεσία που βρίσκεται (π.χ. μπορεί να είναι σε μία οδό που δεν γνωρίζει), τον χρόνο, κλπ. Όλα αυτά τα στοιχεία, συλλέγονται από την εφαρμογή αυτόματα. Αφού η εφαρμογή αυτή υλοποιηθεί (ως διαδικτυακή/web εφαρμογή και εφαρμογή android), θα δοθεί σε τελικούς χρήστες για να την δοκιμάσουν και να την αξιολογήσουν, συμπληρώνοντας ένα ερωτηματολόγιο, συμβάλλοντας έτσι στην βελτίωσή της.  
540 |a Κλειδωμένη η δυνατότητα αντιγραφής (copy) του κειμένου.  
630 0 0 |a Android (Electronic resource) 
650 0 |a Dissertations, Academic  |z Greece. 
650 0 |a Application software  |x Development. 
650 0 |a Web servers. 
650 0 |a Emergency management. 
700 1 |a Γκουμόπουλος, Χρήστος,  |e dgs [Επιβλέπων καθηγητής] 
710 2 |a Πανεπιστήμιο Αιγαίου.   |b Σχολή Θετικών Επιστημών.   |b Τμήμα Μηχανικών Πληροφοριακών και Επικοινωνιακών Συστημάτων. 
852 |a INST  |b SAMOS  |c DIATR  |e 20171004  |h 005.25 ΝΕΝ  |p 005300044822  |q 005300044822  |t DIE  |y 23 
856 |u http://hdl.handle.net/11610/17511 
924 |a Νέντζος  |b Παναγιώτης  |y Σάμος  |z 2017-09 
970 |a Κοσιέρης  |b Χρήστος  |z 04-10-2017